[Event "Arco op 31st"]
[Site "Arco"]
[Date "2009.10.20"]
[Round "4"]
[White "Caldara, Sisto"]
[Black "Paggiaro, Luca"]
[Result "1/2-1/2"]
[WhiteElo "1823"]
[BlackElo "2049"]
[PlyCount "130"]
[EventDate "2009.10.17"]
[EventType "swiss"]
[EventRounds "9"]
[EventCountry "ITA"]
[SourceTitle "EXT 2010"]
[Source "ChessBase"]
[SourceDate "2010.11.25"]
[SourceVersion "1"]
[SourceVersionDate "2010.11.25"]
[SourceQuality "1"]

1. d4 Nf6 2. c4 g6 3. Nc3 Bg7 4. e4 d6 5. Be2 0-0 6. Bg5 c6 7. Qd2 Nbd7 8. h4 h5 9. f3 Qa5 10. Nh3 Rb8 11. Rb1 a6 12. Nf2 b5 13. b4 Qc7 14. cxb5 cxb5 15. Rc1 Qa7 16. g4 e5 17. d5 Qd4 18. Nd3 Nb6 19. Nd1 Nc4 20. Rxc4 bxc4 21. N3b2 Qxd2+ 22. Bxd2 hxg4 23. Nxc4 Rd8 24. a3 gxf3 25. Bxf3 Bg4 26. Kf2 Rbc8 27. Nde3 Bxf3 28. Kxf3 Rc7 29. Rb1 Bh6 30. a4 Bxe3 31. Nxe3 Rb8 32. Rb2 Kf8 33. Nc2 Rc4 34. b5 axb5 35. Bb4 Nxe4 36. Ne3 Rd4 37. Nc2 Nd2+ 38. Ke2 Nc4 39. Nxd4 exd4 40. Rb1 Re8+ 41. Kd3 Ne5+ 42. Kxd4 Nf3+ 43. Kd3 bxa4 44. Bxd6+ Kg7 45. Bc7 Re7 46. d6 Rd7 47. Rb4 a3 48. Kc3 f5 49. Kb3 a2 50. Kxa2 Kf6 51. Rb8 Nxh4 52. Bd8+ Rxd8 53. Rxd8 Ke6 54. d7 g5 55. Rg8 Kxd7 56. Rxg5 Ke6 57. Kb3 Ke5 58. Kc3 Ke4 59. Rg8 Nf3 60. Re8+ Ne5 61. Kd2 Kf4 62. Ke2 Ng4 63. Ra8 Nf6 64. Kf1 Ne4 65. Kg2 Kg4 1/2-1/2

[Event "Arco op 31st"]
[Site "Arco"]
[Date "2009.10.19"]
[Round "3"]
[White "Paggiaro, Luca"]
[Black "Antoniacci, Ricardo"]
[Result "0-1"]
[WhiteElo "2049"]
[BlackElo "1895"]
[PlyCount "156"]
[EventDate "2009.10.17"]
[EventType "swiss"]
[EventRounds "9"]
[EventCountry "ITA"]
[SourceTitle "EXT 2010"]
[Source "ChessBase"]
[SourceDate "2010.11.25"]
[SourceVersion "1"]
[SourceVersionDate "2010.11.25"]
[SourceQuality "1"]

1. e4 c5 2. Nc3 Nc6 3. Bc4 g6 4. d3 Bg7 5. f4 e6 6. Be3 b6 7. Nf3 Nge7 8. Bf2 d5 9. Bb5 d4 10. Ne2 0-0 11. 0-0 a6 12. Bxc6 Nxc6 13. Bh4 Qd7 14. Qe1 Bb7 15. Qg3 f5 16. e5 Nb4 17. Rfc1 Qa4 18. Ng5 Rae8 19. Qh3 Qc6 20. Bf2 h6 21. Nf3 Nd5 22. Nh4 Kf7 23. Qg3 Ne7 24. Rf1 Rh8 25. Nf3 Reg8 26. h4 Bf8 27. Rad1 Nd5 28. c3 dxc3 29. Nxc3 Be7 30. Nxd5 Qxd5 31. d4 c4 32. Rd2 b5 33. Rfd1 Qd8 34. Be3 Rg7 35. a3 Rhg8 36. d5 Bxd5 37. Rxd5 exd5 38. e6+ Ke8 39. Qh3 Bf6 40. Rd2 Re7 41. Bd4 Rxe6 42. Bxf6 Rxf6 43. Ne5 d4 44. Qf3 Rg7 45. Nc6 Qd6 46. Nxd4 Re7 47. Qa8+ Kf7 48. Nf3 Qxf4 49. Rd8 Qe3+ 50. Kh2 Re8 51. Rd7+ Kf8 52. Qb7 Qf4+ 53. Kh1 Qb8 54. Qd5 Rfe6 55. Kg1 Qg3 56. Qc5+ Kg8 57. Qd5 Kf8 58. Qc5+ R6e7 59. Rxe7 Rxe7 60. Qd4 Re2 61. Qf6+ Ke8 62. Qc6+ Kd8 63. Qf6+ Kc7 64. Qf7+ Kb6 65. Qf6+ Kb7 66. Qf7+ Qc7 67. Qd5+ Ka7 68. Kf1 Re7 69. Qd4+ Qb6 70. Qd5 Qe3 71. a4 Qd3+ 72. Qxd3 cxd3 73. axb5 axb5 74. Nd4 d2 75. Nxb5+ Kb6 76. Nc3 Re1+ 77. Kf2 d1Q 78. Nxd1 Rxd1 0-1

[Event "Arco op 30th"]
[Site "Arco"]
[Date "2008.10.26"]
[Round "9"]
[White "Paggiaro, Luca"]
[Black "Karl, Hans"]
[Result "1/2-1/2"]
[WhiteElo "2049"]
[BlackElo "2240"]
[PlyCount "67"]
[EventDate "2008.10.18"]
[EventType "swiss"]
[EventRounds "9"]
[EventCountry "ITA"]
[SourceTitle "CBM 127 Extra"]
[Source "ChessBase"]
[SourceDate "2009.01.08"]
[SourceVersion "2"]
[SourceVersionDate "2009.01.28"]
[SourceQuality "1"]

1. e4 e5 2. Nf3 Nc6 3. Bc4 Nf6 4. Nc3 Bc5 5. d3 d6 6. h3 h6 7. 0-0 0-0 8. Re1 a6 9. Be3 Bxe3 10. Rxe3 Be6 11. Bxe6 fxe6 12. Ne2 Nh5 13. c3 Qf6 14. Qd2 Nf4 15. Nxf4 exf4 16. Re2 Ne5 17. Nxe5 dxe5 18. f3 Rad8 19. Rd1 Rd6 20. Qc2 Rfd8 21. Red2 R8d7 22. Qb3 b6 23. Qc4 a5 24. d4 Qd8 25. Kf2 Kf8 26. Ke2 c6 27. a4 Ke7 28. Kf2 Kf8 29. Ke2 Qg5 30. Kf1 Qd8 31. Ke2 c5 32. d5 Qg5 33. Kf1 Qd8 34. Ke2 1/2-1/2

[Event "Arco op 30th"]
[Site "Arco"]
[Date "2008.10.25"]
[Round "8"]
[White "Lapiccirella, Daniele"]
[Black "Paggiaro, Luca"]
[Result "1-0"]
[WhiteElo "2179"]
[BlackElo "2049"]
[PlyCount "83"]
[EventDate "2008.10.18"]
[EventType "swiss"]
[EventRounds "9"]
[EventCountry "ITA"]
[SourceTitle "CBM 127 Extra"]
[Source "ChessBase"]
[SourceDate "2009.01.08"]
[SourceVersion "2"]
[SourceVersionDate "2009.01.28"]
[SourceQuality "1"]

1. d4 Nf6 2. c4 d6 3. Nc3 g6 4. e4 Bg7 5. f3 0-0 6. Be3 e5 7. d5 a6 8. Bd3 Nbd7 9. Nge2 Nc5 10. Bc2 Rb8 11. 0-0 Nh5 12. Qd2 f5 13. exf5 gxf5 14. Bg5 Qe8 15. b4 Nd7 16. g4 fxg4 17. fxg4 Nf4 18. Nxf4 exf4 19. Rae1 Ne5 20. h3 h5 21. Bxf4 hxg4 22. Bxe5 Rxf1+ 23. Kxf1 dxe5 24. Kg2 Qh5 25. h4 Bd7 26. Ne4 Rf8 27. Ng3 Qf7 28. Rf1 Qe7 29. Nf5 Bxf5 30. Bxf5 e4 31. Qf4 e3 32. Qxg4 e2 33. Be6+ Kh7 34. Qe4+ Kh6 35. Qe3+ Kh7 36. Qxe2 Qxb4 37. Qh5+ Bh6 38. Rf7+ Rxf7 39. Qxf7+ Bg7 40. Bf5+ Kh8 41. Qh5+ Kg8 42. Be6+ 1-0

[Event "Campodarsego op 17th"]
[Site "Campodarsego"]
[Date "2006.01.22"]
[Round "5"]
[White "Paggiaro, Luca"]
[Black "Lavric, Mihail"]
[Result "1/2-1/2"]
[WhiteElo "1985"]
[BlackElo "1996"]
[PlyCount "29"]
[EventDate "2006.01.20"]
[EventType "swiss"]
[EventRounds "5"]
[EventCountry "ITA"]
[SourceTitle "EXT 2007"]
[Source "ChessBase"]
[SourceDate "2006.11.23"]
[SourceVersion "1"]
[SourceVersionDate "2006.11.23"]
[SourceQuality "1"]

1. e4 c5 2. Nc3 Nc6 3. d3 d6 4. g3 Nf6 5. Bg2 Bg4 6. Nge2 g6 7. 0-0 Bg7 8. Be3 0-0 9. Qd2 a6 10. Bh6 Rb8 11. Bxg7 Kxg7 12. f4 b5 13. e5 Nxe5 14. fxe5 dxe5 15. Rae1 1/2-1/2

[Event "Campodarsego op 17th"]
[Site "Campodarsego"]
[Date "2006.01.21"]
[Round "2"]
[White "De Nardi, Riccardo"]
[Black "Paggiaro, Luca"]
[Result "1/2-1/2"]
[WhiteElo "1933"]
[BlackElo "1985"]
[PlyCount "25"]
[EventDate "2006.01.20"]
[EventType "swiss"]
[EventRounds "5"]
[EventCountry "ITA"]
[SourceTitle "EXT 2007"]
[Source "ChessBase"]
[SourceDate "2006.11.23"]
[SourceVersion "1"]
[SourceVersionDate "2006.11.23"]
[SourceQuality "1"]

1. e4 e5 2. Nf3 d6 3. Bc4 Be7 4. d4 exd4 5. Nxd4 Nf6 6. Nc3 0-0 7. 0-0 a6 8. a4 Nbd7 9. f4 Nc5 10. Re1 Bg4 11. Be2 Bxe2 12. Qxe2 c6 13. Kh1 1/2-1/2

[Event "Campodarsego op 17th"]
[Site "Campodarsego"]
[Date "2006.01.20"]
[Round "1"]
[White "Paggiaro, Luca"]
[Black "Bracaglia, Carlo"]
[Result "1/2-1/2"]
[WhiteElo "1985"]
[BlackElo "2162"]
[PlyCount "41"]
[EventDate "2006.01.20"]
[EventType "swiss"]
[EventRounds "5"]
[EventCountry "ITA"]
[SourceTitle "EXT 2007"]
[Source "ChessBase"]
[SourceDate "2006.11.23"]
[SourceVersion "1"]
[SourceVersionDate "2006.11.23"]
[SourceQuality "1"]

1. e4 c6 2. d4 d5 3. Nc3 dxe4 4. Nxe4 Nf6 5. Ng3 h5 6. h4 Bg4 7. Be2 Qc7 8. Nf3 Nbd7 9. c3 e6 10. Ng5 Bd6 11. N3e4 Bf4 12. Bxf4 Qxf4 13. Qd2 Qc7 14. Nxf6+ gxf6 15. Ne4 0-0-0 16. Bxg4 hxg4 17. 0-0-0 Rh5 18. Kb1 Rdh8 19. g3 Ra5 20. c4 Rhh5 21. Rhe1 1/2-1/2

[Event "Caorle op-B"]
[Site "Caorle"]
[Date "1991.07.11"]
[Round "6.24"]
[White "Massari, Giulio"]
[Black "Paggiaro, Luca"]
[Result "1/2-1/2"]
[WhiteElo "1788"]
[BlackElo "1864"]
[PlyCount "45"]
[EventDate "1991.07.05"]
[EventType "swiss"]
[EventRounds "8"]
[EventCountry "ITA"]
[SourceTitle "EXT 2023"]
[Source "ChessBase"]
[SourceDate "2022.10.05"]
[SourceVersion "1"]
[SourceVersionDate "2022.10.05"]
[SourceQuality "1"]

1. d4 e5 2. dxe5 Nc6 3. Nf3 Qe7 4. e3 Nxe5 5. Be2 Nf6 6. Bd2 d5 7. a3 c6 8. Bc3 Nxf3+ 9. Bxf3 Ne4 10. Qe2 Nxc3 11. Nxc3 Qe5 12. Qd3 Bf5 13. e4 dxe4 14. Bxe4 Rd8 15. Qe3 Bxe4 16. Qxe4 Qxe4+ 17. Nxe4 Rd4 18. Nd2 Bc5 19. 0-0-0 0-0 20. f3 Rfd8 21. Rhe1 Kf8 22. c3 Rd3 23. Nc4 1/2-1/2

[Event "Secondario 15th"]
[Site "Caorle"]
[Date "1990.07.13"]
[Round "7.42"]
[White "Cattaneo, Ugo"]
[Black "Paggiaro, Luca"]
[Result "0-1"]
[WhiteElo "1800"]
[BlackElo "1900"]
[PlyCount "90"]
[EventDate "1990.07.07"]
[EventType "swiss"]
[EventRounds "8"]
[EventCountry "ITA"]
[SourceTitle "EXT 2023"]
[Source "ChessBase"]
[SourceDate "2022.10.05"]
[SourceVersion "1"]
[SourceVersionDate "2022.10.05"]
[SourceQuality "1"]

1. e4 e5 2. Nf3 d6 3. Bc4 Be7 4. d3 Nf6 5. Nc3 Nc6 6. a3 Bg4 7. Bb5 0-0 8. h3 Bxf3 9. Qxf3 Nd4 10. Qd1 c6 11. Bc4 d5 12. exd5 cxd5 13. Ba2 Rc8 14. 0-0 Bxa3 15. bxa3 Rxc3 16. Bb2 Rc6 17. f4 Nxc2 18. fxe5 Ne8 19. Kh1 Nxa1 20. Bxa1 Nc7 21. d4 Qg5 22. Bb2 Rg6 23. Qf3 Qg3 24. Bc3 Qxf3 25. Rxf3 Rc6 26. Bb4 Rd8 27. Bd6 h6 28. Kh2 b6 29. Kg3 Rcxd6 30. exd6 Rxd6 31. Rc3 Ne6 32. Rc8+ Kh7 33. Bb1+ g6 34. Bd3 Nxd4 35. Rc7 Kg7 36. Rxa7 Nc6 37. Rc7 Ne5 38. Be2 d4 39. Kf2 Kf6 40. Bd1 Kf5 41. Ke2 d3+ 42. Kd2 Kf4 43. a4 Kg3 44. Bf3 Nxf3+ 45. gxf3 Kxf3 0-1

[Event "Caorle op"]
[Site "Caorle"]
[Date "1988.??.??"]
[Round "8"]
[White "Schild, Herbert"]
[Black "Paggiaro, Luca"]
[Result "1-0"]
[WhiteElo "2000"]
[BlackElo "1975"]
[PlyCount "87"]
[EventDate "1988.??.??"]
[EventType "swiss"]
[EventRounds "8"]
[EventCountry "ITA"]
[SourceTitle "EXT 1999"]
[Source "ChessBase"]
[SourceDate "1998.11.16"]
[SourceVersion "1"]
[SourceVersionDate "1998.11.16"]
[SourceQuality "1"]

1. e4 g6 2. d4 Bg7 3. f4 d6 4. Nf3 c5 5. d5 Qb6 6. c3 Nf6 7. h3 Nxe4 8. Qa4+ Nd7 9. Qxe4 Nf6 10. Qd3 0-0 11. Be2 Bf5 12. Qd1 Ne4 13. 0-0 Ng3 14. Re1 c4+ 15. Nd4 e5 16. dxe6 fxe6 17. Kh2 Ne4 18. Bf3 Nc5 19. Nxf5 exf5 20. Qd5+ Kh8 21. Qxc4 Rfe8 22. Rd1 Ne4 23. Qf1 Bh6 24. Na3 Rac8 25. Nc4 Qc7 26. Bxe4 Qxc4 27. Qxc4 Rxc4 28. Bxb7 Bxf4+ 29. Bxf4 Rxf4 30. Bf3 g5 31. Rd4 Rxd4 32. cxd4 Kg7 33. Rc1 Re7 34. Rc6 Rd7 35. b4 Kf6 36. b5 Ke7 37. a4 h6 38. Rc8 d5 39. Rh8 Kf6 40. Rxh6+ Kg7 41. Rc6 Kf7 42. Bh5+ Ke7 43. Kg3 Kd8 44. Bg6 1-0